[Event "St Louis Fall A 2019"]
[Site "Saint Louis USA"]
[Date "2019.09.15"]
[Round "6.4"]
[White "Ipatov, Alexander"]
[Black "Van Foreest, Jorden"]
[Result "1/2-1/2"]
[WhiteTitle "GM"]
[BlackTitle "GM"]
[WhiteElo "2650"]
[BlackElo "2622"]
[WhiteFideId "14116731"]
[BlackFideId "1039784"]
[EventDate "2019.09.10"]

1. d4 Nf6 2. c4 e6 3. Nf3 d5 4. Nc3 dxc4 5. e4 Bb4 6. Bg5 c5 7. Bxc4 cxd4 8.
Nxd4 Bxc3+ 9. bxc3 Qa5 10. Bb5+ Bd7 11. Bxf6 gxf6 12. Bxd7+ Nxd7 13. O-O Qxc3
14. Rb1 Rd8 15. Nb5 Qc6 16. Nd6+ Kf8 17. Nxb7 Rb8 18. Na5 Qxe4 19. Qd6+ Kg7 20.
Rxb8 Nxb8 21. Qg3+ Qg6 22. Qc7 Na6 23. Qd6 Nb8 24. Qc7 Na6 25. Qd6 Nb8 26. Qc7 1/2-1/2

[Event "St Louis Fall A 2019"]
[Site "Saint Louis USA"]
[Date "2019.09.15"]
[Round "6.5"]
[White "Lenderman, Aleksandr"]
[Black "Durarbayli, Vasif"]
[Result "1/2-1/2"]
[WhiteTitle "GM"]
[BlackTitle "GM"]
[WhiteElo "2645"]
[BlackElo "2626"]
[WhiteFideId "2021285"]
[BlackFideId "13402935"]
[EventDate "2019.09.10"]

1. Nf3 Nf6 2. c4 b6 3. g3 Bb7 4. Bg2 e6 5. O-O Be7 6. d4 O-O 7. Re1 Na6 8. a3 c5
9. d5 exd5 10. Nh4 Ne4 11. cxd5 Bxh4 12. Bxe4 Bf6 13. Nc3 d6 14. Bf4 Nc7 15. Qd3
h6 16. Rad1 Re8 17. Qc2 b5 18. Bg2 b4 19. Ne4 Be5 20. Bxe5 Rxe5 21. axb4 cxb4
22. Nd2 Bxd5 23. Nc4 Rh5 24. Bxd5 Rxd5 25. Rxd5 Nxd5 26. Rd1 Nb6 27. Nxd6 Qf6
28. Rd3 Rd8 29. Qd2 Qe6 30. Rd4 a5 31. Nb7 Rxd4 32. Qxd4 Nc4 33. Nxa5 Nxa5 34.
Qd8+ Kh7 35. Qxa5 Qe4 36. e3 Qb1+ 37. Kg2 1/2-1/2

[Event "St Louis Fall A 2019"]
[Site "Saint Louis USA"]
[Date "2019.09.16"]
[Round "7.1"]
[White "Durarbayli, Vasif"]
[Black "Robson, Ray"]
[Result "0-1"]
[WhiteTitle "GM"]
[BlackTitle "GM"]
[WhiteElo "2626"]
[BlackElo "2653"]
[WhiteFideId "13402935"]
[BlackFideId "2023970"]
[EventDate "2019.09.10"]

1. c4 c6 2. e4 d5 3. exd5 cxd5 4. d4 Nf6 5. Nc3 Nc6 6. Bg5 Be6 7. g3 dxc4 8. Bg2
Nd5 9. Nge2 h6 10. Be3 g5 11. h4 Bg7 12. Qa4 Qd7 13. a3 Nxc3 14. Nxc3 Nxd4 15.
Qxd7+ Bxd7 16. O-O-O Nb3+ 17. Kb1 O-O-O 18. Nd5 e6 19. Ne7+ Kc7 20. hxg5 hxg5
21. Bxg5 Ba4 22. Bf4+ Kb6 23. Bg5 Rxh1 24. Rxh1 Rd3 25. Bf4 Nd2+ 26. Kc1 c3 27.
Nc8+ Ka6 28. b4 Nc4 29. Be4 c2 30. b5+ Ka5 0-1

[Event "St Louis Fall A 2019"]
[Site "Saint Louis USA"]
[Date "2019.09.16"]
[Round "7.2"]
[White "Van Foreest, Jorden"]
[Black "Lenderman, Aleksandr"]
[Result "1/2-1/2"]
[WhiteTitle "GM"]
[BlackTitle "GM"]
[WhiteElo "2622"]
[BlackElo "2645"]
[WhiteFideId "1039784"]
[BlackFideId "2021285"]
[EventDate "2019.09.10"]

1. e4 c5 2. Nf3 e6 3. d4 cxd4 4. Nxd4 Nc6 5. Nc3 Qc7 6. Be3 a6 7. Nxc6 bxc6 8.
Qf3 Nf6 9. Qg3 Qxg3 10. hxg3 Rb8 11. b3 Bb4 12. Bd2 d5 13. Bd3 e5 14. f3 h6 15.
O-O-O O-O 16. Kb2 d4 17. Na4 Nd7 18. Bxb4 Rxb4 19. c3 dxc3+ 20. Kxc3 Rd4 21. Be2
c5 22. Rxd4 exd4+ 23. Kc4 Ne5+ 24. Kxc5 d3 25. Kd4 dxe2 26. Kxe5 Rd8 27. Re1 Rd2
28. Kf4 Rxa2 29. Ke3 Be6 30. Nc5 Bxb3 31. Nxb3 Ra3 32. Kxe2 Rxb3 33. Ra1 Rb2+
34. Ke3 Rxg2 35. g4 g5 1/2-1/2

[Event "St Louis Fall A 2019"]
[Site "Saint Louis USA"]
[Date "2019.09.16"]
[Round "7.3"]
[White "Swiercz, Dariusz"]
[Black "Ipatov, Alexander"]
[Result "1/2-1/2"]
[WhiteTitle "GM"]
[BlackTitle "GM"]
[WhiteElo "2648"]
[BlackElo "2650"]
[WhiteFideId "1126881"]
[BlackFideId "14116731"]
[EventDate "2019.09.10"]

1. d4 Nf6 2. c4 g6 3. Nc3 d5 4. Nf3 Bg7 5. Qb3 dxc4 6. Qxc4 O-O 7. e4 a6 8. Be2
b5 9. Qb3 c5 10. dxc5 Be6 11. Qc2 Nbd7 12. c6 Nb8 13. Ng5 Nxc6 14. Nxe6 fxe6 15.
Nxb5 Rc8 16. Nc3 Nd4 17. Qd3 Nd7 18. O-O Nc5 19. Qh3 Na4 20. Bg4 Nxc3 21. bxc3
Rxc3 22. Be3 Qd6 23. Rac1 Ra3 24. Kh1 h5 25. Bf3 Kh7 26. e5 Qxe5 27. Bxd4 Qxd4
28. Qxe6 Qe5 29. Qxe5 Bxe5 30. Rc2 Rd8 1/2-1/2

[Event "St Louis Fall A 2019"]
[Site "Saint Louis USA"]
[Date "2019.09.16"]
[Round "7.4"]
[White "Smirin, Ilia"]
[Black "Bortnyk, Olexandr"]
[Result "1-0"]
[WhiteTitle "GM"]
[BlackTitle "GM"]
[WhiteElo "2599"]
[BlackElo "2602"]
[WhiteFideId "2801990"]
[BlackFideId "14120828"]
[EventDate "2019.09.10"]

1. e4 g6 2. d4 Bg7 3. Nc3 d6 4. Be3 a6 5. Qd2 b5 6. f3 Nd7 7. h4 h5 8. Nh3 Bb7
9. Ng5 Rc8 10. a4 b4 11. Bc4 e6 12. Ne2 c5 13. Ba2 a5 14. Rd1 c4 15. c3 b3 16.
Bb1 Ne7 17. f4 Nf6 18. O-O Bh6 19. f5 Bxg5 20. Bxg5 Nxe4 21. Bxe4 Bxe4 22. fxe6
fxe6 23. Rf6 Bf5 24. Nf4 Kd7 25. Rf7 Re8 26. Re1 Rc7 27. Qe3 Kc6 28. Nxe6 Bxe6
29. Qxe6 Nd5 30. Rxc7+ Nxc7 31. Qxc4+ Kd7 32. Bxd8 Rxe1+ 33. Kf2 1-0

[Event "St Louis Fall A 2019"]
[Site "Saint Louis USA"]
[Date "2019.09.16"]
[Round "7.5"]
[White "Akobian, Varuzhan"]
[Black "Melkumyan, Hrant"]
[Result "1/2-1/2"]
[WhiteTitle "GM"]
[BlackTitle "GM"]
[WhiteElo "2618"]
[BlackElo "2653"]
[WhiteFideId "13300580"]
[BlackFideId "13302485"]
[EventDate "2019.09.10"]

1. d4 Nf6 2. c4 e6 3. Nc3 Bb4 4. Qc2 d5 5. a3 Bxc3+ 6. Qxc3 dxc4 7. Qxc4 b6 8.
Nf3 Ba6 9. Qa4+ Qd7 10. Qc2 h6 11. Bf4 O-O 12. Be5 Ng4 13. Qe4 f5 14. Qf4 Nc6
15. Rc1 Rac8 16. e3 Bxf1 17. Rxf1 Ne7 18. h3 Nd5 19. Qg3 Ngf6 20. Bxf6 Rxf6 21.
Qe5 Qb5 22. Rc2 Qd3 23. Rd2 Qc4 24. Rg1 Ne7 25. Kd1 Ng6 26. Qg3 c5 27. Rc2 Qa6
28. Kc1 cxd4 29. exd4 f4 30. Qg4 Rxc2+ 31. Kxc2 Qe2+ 32. Kb1 Qxf2 33. Rc1 Qg3
34. Rc8+ Nf8 35. Ra8 h5 36. Qxh5 Qxg2 37. Ka2 Qe2 38. Rxa7 Qe4 39. Rc7 Rg6 40.
a4 Qd5+ 41. Qxd5 exd5 42. b4 Ne6 43. Rc3 Ng5 44. Nxg5 Rxg5 45. a5 bxa5 46. bxa5
Rf5 47. Rf3 Kf7 48. a6 Ke6 49. a7 Rf8 50. Rxf4 Ra8 51. h4 Rxa7+ 52. Kb3 Rc7 53.
h5 Rc1 1/2-1/2

[Event "St Louis Fall A 2019"]
[Site "Saint Louis USA"]
[Date "2019.09.17"]
[Round "8.2"]
[White "Bortnyk, Olexandr"]
[Black "Akobian, Varuzhan"]
[Result "0-1"]
[WhiteTitle "GM"]
[BlackTitle "GM"]
[WhiteElo "2602"]
[BlackElo "2618"]
[WhiteFideId "14120828"]
[BlackFideId "13300580"]
[EventDate "2019.09.10"]

1. e4 e6 2. d4 d5 3. Nc3 Bb4 4. exd5 exd5 5. Bd3 Nc6 6. Ne2 Nge7 7. Bg5 f6 8.
Bf4 Bf5 9. O-O Qd7 10. Re1 O-O-O 11. Be3 g5 12. a3 Bxc3 13. Nxc3 Bxd3 14. Qxd3
Nf5 15. Na4 b6 16. b4 Rhe8 17. Rab1 Kb8 18. Nc3 h5 19. a4 h4 20. f3 h3 21. g3
Nxe3 22. Rxe3 Rxe3 23. Qxe3 Qf5 24. Rb2 Nxd4 25. Kf2 Nxc2 26. Qe7 Rc8 27. Nb5 a6
28. Qe2 axb5 29. Rxc2 bxa4 30. Ra2 Qd7 31. b5 Re8 32. Qf1 Qe7 33. Qxh3 Qe1+ 34.
Kg2 Re2+ 35. Rxe2 Qxe2+ 36. Kg1 Qxb5 37. Qh8+ Kb7 38. Qxf6 a3 39. Qa1 Qb2 40.
Qd1 a2 0-1

[Event "St Louis Fall A 2019"]
[Site "Saint Louis USA"]
[Date "2019.09.17"]
[Round "8.3"]
[White "Ipatov, Alexander"]
[Black "Smirin, Ilia"]
[Result "1/2-1/2"]
[WhiteTitle "GM"]
[BlackTitle "GM"]
[WhiteElo "2650"]
[BlackElo "2599"]
[WhiteFideId "14116731"]
[BlackFideId "2801990"]
[EventDate "2019.09.10"]

1. d4 Nf6 2. c4 g6 3. Nc3 Bg7 4. e4 d6 5. Nf3 O-O 6. h3 e5 7. dxe5 dxe5 8. Qxd8
Rxd8 9. Bg5 Na6 10. Nd5 Rd6 11. Bxf6 Bxf6 12. Rc1 Bd8 13. c5 Re6 14. a3 c6 15.
Bxa6 cxd5 16. Bd3 dxe4 17. Bxe4 Re7 18. O-O f5 19. Bd5+ Kf8 20. Rfd1 Rb8 21. b4
Bc7 22. Nd2 Bd7 23. Bb3 e4 24. Nc4 Be6 25. Rb1 b6 26. c6 b5 27. Ne3 Bxb3 28.
Rxb3 Re6 29. Rc3 Rc8 30. g3 Bb6 31. Rdc1 Rd6 32. Kf1 Ke7 33. Ke2 Kd8 34. a4 a6
35. a5 Bxe3 36. fxe3 Kc7 37. g4 fxg4 38. hxg4 Rf8 39. Rh1 Rf7 40. g5 Rd5 41. Rh4
Re7 42. Rg4 Rd6 43. Rf4 Rxc6 44. Rxc6+ Kxc6 45. Rf8 Kd5 46. Rc8 Re6 47. Rc5+ Kd6
48. Rc8 Re5 49. Rd8+ Ke6 50. Re8+ Kf5 51. Rh8 Kxg5 52. Rxh7 Re6 53. Rb7 Kf5 54.
Kf2 Ke5 55. Kg3 Kd5 56. Rc7 Rf6 57. Rc5+ Kd6 58. Rg5 Rf3+ 59. Kg4 Rxe3 60. Kf4
Re1 61. Rxg6+ Kd5 62. Rxa6 Kc4 63. Re6 Kxb4 64. a6 Kc3 65. Rxe4 Rf1+ 66. Ke5 b4
67. Kd5 Ra1 68. Re3+ Kd2 1/2-1/2

[Event "St Louis Fall A 2019"]
[Site "Saint Louis USA"]
[Date "2019.09.17"]
[Round "8.4"]
[White "Lenderman, Aleksandr"]
[Black "Swiercz, Dariusz"]
[Result "1/2-1/2"]
[WhiteTitle "GM"]
[BlackTitle "GM"]
[WhiteElo "2645"]
[BlackElo "2648"]
[WhiteFideId "2021285"]
[BlackFideId "1126881"]
[EventDate "2019.09.10"]

1. Nf3 d5 2. b3 Bg4 3. Bb2 Nd7 4. g3 Ngf6 5. Bg2 e6 6. d3 Bc5 7. Nbd2 Qe7 8. a3
a5 9. h3 Bxf3 10. Nxf3 c6 11. c4 O-O 12. O-O Rfe8 13. e3 Bd6 14. Nd4 g6 15. Qc2
e5 16. Ne2 h5 17. cxd5 cxd5 18. Nc3 Rac8 19. Qe2 Qe6 20. Rac1 Nc5 21. Qd1 Bf8
22. d4 exd4 23. Nxd5 Nxd5 24. Qxd4 Nf6 25. Qxf6 Qxf6 26. Bxf6 Nxb3 27. Rxc8 Rxc8
28. Bxb7 Rb8 29. Bd5 Bxa3 30. Rb1 a4 31. Bc6 Rb6 32. Bxa4 Rxf6 33. Rxb3 Be7 34.
Rb7 Kf8 35. Bb3 Rd6 36. Kf1 Rd2 37. Rc7 Rd3 38. Ba4 Ra3 39. Rc4 Ra2 40. Bc2 Ra1+
41. Ke2 Rc1 42. Kf3 Kg7 43. Kg2 Bf6 44. f4 Bd8 45. e4 h4 46. gxh4 Bxh4 47. e5 f5
48. Rc7+ Kh6 49. Rc8 g5 50. fxg5+ Kxg5 51. Bxf5 Rxc8 52. Bxc8 Kf4 53. e6 Ke3 54.
e7 Bxe7 55. h4 Bxh4 1/2-1/2

[Event "St Louis Fall A 2019"]
[Site "Saint Louis USA"]
[Date "2019.09.17"]
[Round "8.5"]
[White "Durarbayli, Vasif"]
[Black "Van Foreest, Jorden"]
[Result "1/2-1/2"]
[WhiteTitle "GM"]
[BlackTitle "GM"]
[WhiteElo "2626"]
[BlackElo "2622"]
[WhiteFideId "13402935"]
[BlackFideId "1039784"]
[EventDate "2019.09.10"]

1. e4 c5 2. Nf3 d6 3. d4 cxd4 4. Nxd4 Nf6 5. Nc3 a6 6. Bg5 e6 7. f4 Qb6 8. a3
Nbd7 9. Bh4 e5 10. Nf3 Be7 11. Be2 O-O 12. Qd2 Qxb2 13. O-O Qb6+ 14. Kh1 Qd8 15.
Rad1 b5 16. Qe1 Qc7 17. Bg5 h6 18. fxe5 dxe5 19. Bc1 Nc5 20. Nh4 Ncxe4 21. Nxe4
Nxe4 22. Bf3 f5 23. Ng6 Rf6 24. Bxe4 fxe4 25. Nxe7+ Qxe7 26. Rxf6 Qxf6 27. Qxe4
Ra7 28. h3 Rc7 29. Qe2 Bb7 30. Rd3 Qg6 31. Kh2 Be4 32. Rg3 Rxc2 33. Qxc2 Qxg3+
34. Kxg3 Bxc2 35. Bb2 e4 36. Kf4 Kf7 37. Bc3 Bd3 38. g4 g5+ 39. Kg3 e3 40. Bd4
e2 41. Bc3 Kg6 42. Kf2 Bc4 43. Kf3 h5 44. Kf2 Be6 45. Kf3 Bd7 46. Bd2 Bc6+ 47.
Kf2 Bd5 48. Bc3 Be6 49. Kf3 Bc4 50. Kf2 Bd3 51. Bd2 hxg4 52. hxg4 Kf6 53. Bc3+
Ke6 54. Bd2 Kd5 55. Bxg5 Kc4 56. Be7 a5 57. g5 b4 58. axb4 axb4 59. g6 Bxg6 60.
Bxb4 1/2-1/2

[Event "St Louis Fall A 2019"]
[Site "Saint Louis USA"]
[Date "2019.09.18"]
[Round "9.2"]
[White "Swiercz, Dariusz"]
[Black "Durarbayli, Vasif"]
[Result "1-0"]
[WhiteTitle "GM"]
[BlackTitle "GM"]
[WhiteElo "2648"]
[BlackElo "2626"]
[WhiteFideId "1126881"]
[BlackFideId "13402935"]
[EventDate "2019.09.10"]

1. e4 e5 2. Nf3 Nc6 3. Bb5 a6 4. Ba4 Nf6 5. O-O b5 6. Bb3 Bc5 7. a4 Rb8 8. c3 d6
9. d4 Bb6 10. a5 Ba7 11. h3 O-O 12. Be3 Ra8 13. Nbd2 h6 14. Qe2 Bb7 15. Rfd1 Re8
16. dxe5 Nxe5 17. Nxe5 Rxe5 18. Bxa7 Rxa7 19. f4 Re7 20. e5 Ra8 21. Nf3 Nh5 22.
Nd4 Nxf4 23. Qg4 g5 24. g3 Ng6 25. e6 Ne5 26. Qh5 fxe6 27. Nxe6 Rxe6 28. Qxh6
Nf3+ 29. Kf2 Nd4 30. Bxe6+ Nxe6 31. Qxe6+ Kg7 32. Kg1 Bc8 33. Qe4 Rb8 34. g4 Bb7
35. Qd4+ Kg8 36. Rf1 c5 37. Qd3 Qe8 38. Rf6 Kg7 39. Raf1 Rd8 40. Rf7+ 1-0

[Event "St Louis Fall A 2019"]
[Site "Saint Louis USA"]
[Date "2019.09.18"]
[Round "9.3"]
[White "Smirin, Ilia"]
[Black "Lenderman, Aleksandr"]
[Result "0-1"]
[WhiteTitle "GM"]
[BlackTitle "GM"]
[WhiteElo "2599"]
[BlackElo "2645"]
[WhiteFideId "2801990"]
[BlackFideId "2021285"]
[EventDate "2019.09.10"]

1. e4 e5 2. Nf3 Nf6 3. Nxe5 d6 4. Nf3 Nxe4 5. Nc3 Nxc3 6. dxc3 Be7 7. Bf4 O-O 8.
Qd2 Nd7 9. O-O-O Nc5 10. Kb1 Re8 11. Nd4 Ne4 12. Qe3 Bh4 13. Bb5 Bd7 14. Bxd7
Qxd7 15. Qf3 Bxf2 16. Rhf1 Bxd4 17. Rxd4 Qe6 18. Bc1 d5 19. Qh5 c6 20. Rd3 Rad8
21. c4 dxc4 22. Rxd8 Rxd8 23. Qa5 Qd5 24. Qxa7 c3 25. Re1 cxb2 26. Bxb2 Nd2+ 27.
Ka1 Nc4 28. Qd4 Qxd4 29. Bxd4 f6 30. Bc5 b6 31. Bb4 c5 32. Bc3 b5 33. Rb1 b4 34.
Be1 Ne3 35. Kb2 Nxg2 36. Bf2 Rd5 37. Kb3 Nf4 38. c3 Rd3 39. Bxc5 Rxc3+ 40. Kxb4
Nd5+ 41. Kb5 Rc2 42. Kc6 Nf4 43. a4 Ne6 44. Rb5 Nd4+ 45. Kd6 Nxb5+ 46. axb5 Rxh2
47. b6 Rb2 48. Kc6 Kf7 49. b7 Rxb7 50. Kxb7 Ke6 51. Kc6 Ke5 52. Bd6+ Ke4 53. Kd7
f5 54. Ke6 f4 55. Kf7 h5 56. Kg6 h4 57. Kg5 f3 0-1

[Event "St Louis Fall A 2019"]
[Site "Saint Louis USA"]
[Date "2019.09.18"]
[Round "9.4"]
[White "Akobian, Varuzhan"]
[Black "Ipatov, Alexander"]
[Result "1-0"]
[WhiteTitle "GM"]
[BlackTitle "GM"]
[WhiteElo "2618"]
[BlackElo "2650"]
[WhiteFideId "13300580"]
[BlackFideId "14116731"]
[EventDate "2019.09.10"]

1. d4 Na6 2. e4 c6 3. Nf3 g6 4. c4 Bg7 5. Nc3 d6 6. h3 e5 7. Be3 exd4 8. Nxd4
Nf6 9. Qd2 O-O 10. O-O-O Re8 11. f3 d5 12. cxd5 cxd5 13. e5 Nd7 14. f4 Nb6 15.
Ndb5 Re6 16. Kb1 Qf8 17. g4 Bd7 18. Nd6 Bc6 19. Bxb6 axb6 20. Bxa6 Rxd6 21. Bd3
Rdd8 22. Rhe1 Qc5 23. a3 Re8 24. g5 Bf8 25. h4 b5 26. Na2 Qb6 27. Bc2 b4 28.
Nxb4 Ra5 29. Re3 Rea8 30. Rb3 Qa7 31. h5 Ba4 32. hxg6 fxg6 33. Nxd5 Bxb3 34.
Bxb3 Kh8 35. Rh1 b6 36. e6 Bg7 37. e7 1-0

[Event "St Louis Fall A 2019"]
[Site "Saint Louis USA"]
[Date "2019.09.18"]
[Round "9.5"]
[White "Melkumyan, Hrant"]
[Black "Bortnyk, Olexandr"]
[Result "1/2-1/2"]
[WhiteTitle "GM"]
[BlackTitle "GM"]
[WhiteElo "2653"]
[BlackElo "2602"]
[WhiteFideId "13302485"]
[BlackFideId "14120828"]
[EventDate "2019.09.10"]

1. d4 Na6 2. e4 c6 3. Nf3 g6 4. c4 Bg7 5. Nc3 d6 6. Be2 Bg4 7. Be3 Bxf3 8. Bxf3
e5 9. d5 c5 10. Qb3 Rb8 11. Nb5 Ra8 12. g4 Nc7 13. h4 Nxb5 14. Qxb5+ Qd7 15. a4
a5 16. g5 h5 17. Bg2 f5 18. Bd2 Ne7 19. Ke2 Qxb5 20. axb5 b6 21. b4 cxb4 22.
Bxb4 Kd7 23. Bd2 Rhf8 24. Be3 Rab8 25. f3 Kc7 26. Rhd1 Rbd8 27. Bh3 Rf7 28. Ra2
Bf8 29. Rad2 f4 30. Bf2 Nc8 31. Ra2 Kb7 32. Rda1 Rc7 33. Kd3 Be7 34. Be1 Kb8 35.
Be6 Bf8 36. Bc3 Re8 37. Bxa5 bxa5 38. Rxa5 Nb6 39. Ra6 Rb7 40. Bf7 Rxf7 41.
Rxb6+ Rb7 42. Rba6 Kc7 43. c5 dxc5 44. Kc4 Reb8 45. Rf6 Be7 46. d6+ Bxd6 47. Rd1
Rb6 48. Rxg6 Bf8 49. Rxb6 Rxb6 50. Ra1 Kb7 51. Kd5 Rxb5 52. Ke6 Kb8 53. Rc1 Bg7
54. Kf5 Kc7 55. Kg6 Bf8 56. Kxh5 Rb3 57. Kg4 Rb2 58. h5 Kd7 59. Kf5 Rg2 60. Rd1+
Ke8 61. g6 Bh6 62. Ra1 c4 63. Ke6 Kd8 64. Rd1+ Kc7 65. Rc1 Rg5 66. Rxc4+ Kb7 67.
Rc5 Rxh5 68. Rxe5 Rh1 69. Kf7 Kc6 70. Re8 Ra1 71. Rh8 Ra7+ 72. Ke6 Bg7 73. Rc8+
Kb6 74. Re8 Ra3 75. Re7 Ba1 76. g7 Bxg7 77. Rxg7 Rxf3 78. e5 Re3 79. Rf7 f3 80.
Kd5 Rd3+ 81. Ke4 Ra3 82. Kd5 Rd3+ 83. Ke6 Kc6 84. Rf4 Re3 85. Rc4+ Kb5 86. Rc2
Re2 87. Rc3 f2 88. Rf3 Kc5 89. Rf4 Kc6 90. Rf3 1/2-1/2